Triptico de mar y tierra Alvaro Mutis (Record no. 25706)
[ view plain ]
| 000 -LEADER | |
|---|---|
| campo de control de longitud fija | 00354nam a2200133Ia 4500 |
| 008 - DATOS DE LONGITUD FIJA--INFORMACIÓN GENERAL | |
| campo de control de longitud fija | 231129s9999||||xx |||||||||||||| ||spa|| |
| 020 ## - NÚMERO INTERNACIONAL ESTÁNDAR DEL LIBRO | |
| Número Internacional Estándar del Libro | 958-042526-4 |
| 040 ## - FUENTE DE CATALOGACIÓN | |
| Lengua de catalogación | spa |
| 082 ## - NÚMERO DE LA CLASIFICACIÓN DECIMAL DEWEY | |
| Número de clasificación | Co863 M992t |
| 100 ## - ENTRADA PRINCIPAL--NOMBRE DE PERSONA | |
| Nombre de persona | Mutis Alvaro |
| 245 #0 - MENCIÓN DEL TÍTULO | |
| Título | Triptico de mar y tierra Alvaro Mutis |
| 264 ## - PRODUCCIÓN, PUBLICACIÓN, DISTRIBUCIÓN, FABRICACIÓN Y COPYRIGHT | |
| Producción, publicación, distribución, fabricación y copyright | Norma |
| 942 ## - ELEMENTOS DE ENTRADA SECUNDARIOS (KOHA) | |
| Fuente del sistema de clasificación o colocación | Clasificación Decimal Dewey |
| Tipo de ítem Koha | |
| Estatus retirado | Estado de pérdida | Fuente del sistema de clasificación o colocación | Estado de daño | No para préstamo | Biblioteca de origen | Biblioteca actual | Fecha de adquisición | Total de préstamos | Signatura topográfica completa | Código de barras | Visto por última vez | Copia número | Precio de reemplazo | Tipo de ítem Koha | Fecha del último préstamo |
|---|---|---|---|---|---|---|---|---|---|---|---|---|---|---|---|
| Clasificación Decimal Dewey | BIBLIOTECA PÚBLICA MUNICIPAL RAMON CORREA MEJIA | BIBLIOTECA PÚBLICA MUNICIPAL RAMON CORREA MEJIA | 09/07/2009 | Co863 M992t | 21784 | 29/11/2023 | 2 | 29/11/2023 | Libros | ||||||
| Clasificación Decimal Dewey | BIBLIOTECA PÚBLICA MUNICIPAL RAMON CORREA MEJIA | BIBLIOTECA PÚBLICA MUNICIPAL RAMON CORREA MEJIA | 09/07/2009 | 1 | Co863 M992t | 21785 | 22/04/2024 | 1 | 29/11/2023 | Libros | 16/04/2024 |